000 00462nam a2200181Ia 4500
001 8755
005 20260306160633.0
008 260306t2020||||xx |||||||||||||| ||spa||
041 _aESP
082 _a371.30281
_bQ41
100 _aQuinto Román, Marino Cayetano,
_eAUT
245 0 _aTécnicas de estudio para organizar la información
260 _c2020
300 _a134 páginas :
_c221 cm.
650 _aGEN
654 _aCED
942 _cLIB
_dJUS
_fJUS
_2ddc
_n
999 _c8755
_d8755